[Event "Ufa Abelguzin Cup"]
[Site "Ufa"]
[Date "2012.03.31"]
[Round "9"]
[White "Darmin, Dmitry"]
[Black "Glidzhain, Gor Mikhailovich"]
[Result "0-1"]
[WhiteElo "2376"]
[BlackElo "2354"]
[PlyCount "82"]
[EventDate "2012.03.23"]
[EventType "tourn"]
[EventRounds "9"]
[EventCountry "RUS"]
[SourceTitle "EXT 2013"]
[Source "ChessBase"]
[SourceDate "2012.11.22"]
[SourceVersion "1"]
[SourceVersionDate "2012.11.22"]
[SourceQuality "1"]

1. e4 e5 2. Nf3 Nc6 3. Bc4 Be7 4. d4 exd4 5. Nxd4 d6 6. 0-0 Nf6 7. Nc3 0-0 8. Nxc6 bxc6 9. Re1 Nd7 10. Be3 Bf6 11. Qd2 Nb6 12. Be2 Re8 13. Rad1 Bb7 14. Bd4 Bxd4 15. Qxd4 c5 16. Qd3 Qg5 17. g3 a5 18. f4 Qf6 19. b3 Ba6 20. Qd2 Bxe2 21. Rxe2 a4 22. Rde1 axb3 23. cxb3 c4 24. b4 Ra3 25. e5 dxe5 26. Rxe5 Rxe5 27. Rxe5 h6 28. Qb2 Ra8 29. a4 Nd7 30. Re1 Qb6+ 31. Kh1 Nf6 32. b5 Rd8 33. Rd1 Rd3 34. Rxd3 cxd3 35. Nd1 Qe6 36. Qe5 Qg4 37. Nb2 d2 38. Qd4 Qe2 39. h3 Ne4 40. Kg1 Nxg3 41. a5 Nf5 0-1